| 000 | 00942nas a2200313 4500 | ||
|---|---|---|---|
| 001 | BR2011004590 | ||
| 003 | BR-BrBNA | ||
| 005 | 20231205115523.0 | ||
| 007 | ta | ||
| 008 | 230509b bl.|||p| |||| 00| 00por d | ||
| 040 |
_aBR-BrBNA _bpor _cBiblioteca Nacional de Agricultura |
||
| 041 | _a(Pt) | ||
| 072 | _aF02 | ||
| 100 | 1 | _aKlein, V.A. | |
| 100 | 1 | _aMassing, J.P. | |
| 100 | 1 | _aBiasuz Júnior, I.J. | |
| 100 | 1 | _aMarcolin, C.D. | |
| 100 | 1 | _aVieira, M.L. | |
| 245 | 1 | _aVelocidade de semeadura de trigo sob sistema plantio direto | |
| 246 | 1 | _aWheat seeding speed under no tillage | |
| 650 | _aTRIGO | ||
| 650 | _aSEMEADURA | ||
| 650 | _aPLANTIO DIRETO | ||
| 650 | _aPROFUNDIDADE DE SEMEADURA | ||
| 650 | _aVELOCIDADE | ||
| 773 | 0 |
_tRevista de Ciências Agroveterinárias (Brazil) _xISSN 1676-9732 _g(Jul-Dec 2008), v. 7(2) p. 150-156 _wBR2011004590 |
|
| 909 |
_a202311 _bLúcia _c55 _dLúcia Elande |
||
| 942 |
_2AGRIS _n0 _cANA |
||
| 999 |
_c214227 _d214227 |
||